Vista normal
Vista MARC
Entrada Personal Name
Número de registros utilizados en: 10
001 - CONTROL NUMBER
- control field: 190
003 - CONTROL NUMBER IDENTIFIER
- control field: OSt
005 - DATE AND TIME OF LATEST TRANSACTION
- control field: 20230310160613.0
008 - FIXED-LENGTH DATA ELEMENTS
- fixed length control field: 230310|| aca||aabn | a|a d
040 ## - CATALOGING SOURCE
- Original cataloging agency: OSt
- Transcribing agency: OSt
100 ## - HEADING--PERSONAL NAME
- Personal name: Lindgren, Astrid
- Dates associated with a name: 1907-2002
670 ## - SOURCE DATA FOUND
- Source citation: Work cat.: (OSt)0: Lindgren, Astrid 1907-2002 autora, ¡Violencia, jamás!